[Event "Brønshøj Lang Weekend 2017"]
[Site "?"]
[Date "2017.02.12"]
[Round "4"]
[White "Eiholt, Bjarne"]
[Black "Olsen, Bjørn"]
[Result "0-1"]
[WhiteElo "1589"]
[BlackElo "1696"]
[PlyCount "144"]
[EventDate "2017.??.??"]

1. d4 d5 2. c4 c6 3. Nc3 e6 4. cxd5 exd5 5. Qc2 Nf6 6. Bg5 Be7 7. e3 Nbd7 8.
Bd3 O-O 9. Nge2 Re8 10. O-O Nf8 11. Rae1 Ne4 12. Bxe7 Qxe7 13. Nf4 g6 14. Kh1
Nd6 15. f3 Qf6 16. b3 Bd7 17. Qd2 Rad8 18. Nfe2 Qg5 19. Ng3 h5 20. Qf2 h4 21.
f4 hxg3 22. hxg3 Qh6+ 23. Kg1 Ne4 24. Nxe4 dxe4 25. Be2 f5 26. Bc4+ Be6 27. Qe2
Bd5 28. Kf2 Qg7 29. Rh1 Nh7 30. Rh4 Nf6 31. Reh1 Kf7 32. g4 Rh8 33. Bxd5+ Nxd5
34. gxf5 gxf5 35. Rh5 Rxh5 36. Qxh5+ Ke6 37. Qh7 Qxh7 38. Rxh7 Rd7 39. Rh6+ Nf6
40. a3 Rf7 41. Rg6 Kd5 42. Rg5 Ng4+ 43. Ke2 a5 44. Rg8 Nf6 45. Rd8+ Nd7 46. Rg8
b6 47. g4 Nf6 48. Rd8+ Nd7 49. g5 Kd6 50. Re8 c5 51. dxc5+ Nxc5 52. b4 axb4 53.
axb4 Ne6 54. Rg8 Ra7 55. g6 Ra2+ 56. Kf1 Ra7 57. Rh8 b5 58. Rh7 Ng7 59. Rh8 Rb7
60. Rd8+ Ke6 61. Rf8 Rd7 62. Rb8 Rd5 63. Rb6+ Rd6 64. Rxb5 Kf6 65. Ra5 Kxg6 66.
b5 Rd1+ 67. Ke2 Rb1 68. Ra6+ Kh5 69. b6 Rb2+ 70. Kd1 Ne8 71. Ra8 Nd6 72. Ra6
Nc4 0-1

[Event "Brønshøj Lang Weekend 2017"]
[Site "?"]
[Date "2017.02.12"]
[Round "4"]
[White "Larsen, Preben R"]
[Black "Dupont, Michael Kim"]
[Result "1-0"]
[WhiteElo "1823"]
[BlackElo "1548"]
[PlyCount "23"]
[EventDate "2017.??.??"]

1. c4 Nf6 2. Nc3 g6 3. d4 Bg7 4. e4 d6 5. Nf3 O-O 6. Bg5 h6 7. Bh4 g5 8. Bg3
Nh5 9. Be2 Nxg3 10. hxg3 a5 11. Qd2 a4 12. Nxg5 1-0

[Event "Brønshøj Lang Weekend 2017"]
[Site "?"]
[Date "2017.02.12"]
[Round "5"]
[White "Akdag, Dara Sevkan"]
[Black "Reimanis, Ritvars"]
[Result "1/2-1/2"]
[WhiteElo "2188"]
[BlackElo "2261"]
[PlyCount "109"]
[EventDate "2017.??.??"]

1. d4 Nf6 2. Nc3 d5 3. Bf4 a6 4. e3 e6 5. a3 c5 6. Nf3 Nc6 7. Bd3 Be7 8. dxc5
Bxc5 9. O-O O-O 10. e4 Be7 11. Re1 dxe4 12. Nxe4 Nd5 13. Bg5 h6 14. Bxe7 Qxe7
15. c4 Nf4 16. Bc2 Rd8 17. Qc1 e5 18. Ng3 Qf6 19. Qe3 Be6 20. Qe4 g6 21. b4
Rac8 22. Rad1 Rxd1 23. Rxd1 Qg7 24. Ba4 f6 25. Rd6 Rd8 26. c5 Rxd6 27. cxd6 Qd7
28. Bxc6 bxc6 29. Nxe5 fxe5 30. Qxe5 g5 31. Ne4 Qa7 32. g3 Qd4 33. Qxd4 Ne2+
34. Kg2 Nxd4 35. d7 Bxd7 36. Nf6+ Kg7 37. Nxd7 Nc2 38. Nb8 Nxa3 39. Nxc6 Nc2
40. Kf3 Kf6 41. Ke4 h5 42. Kd3 Ne1+ 43. Ke2 Nc2 44. Kd2 Na3 45. Nb8 a5 46. bxa5
Nc4+ 47. Kd3 Nxa5 48. Ke4 Nc4 49. Nd7+ Ke6 50. Nc5+ Kf6 51. Nd3 Nd2+ 52. Kd5
Nf3 53. h3 Kf5 54. Nc5 Nh2 55. g4+ 1/2-1/2

[Event "Brønshøj Lang Weekend 2017"]
[Site "?"]
[Date "2017.02.12"]
[Round "5"]
[White "Nielsen, Viktor Haarmark"]
[Black "Haubro, Martin"]
[Result "0-1"]
[WhiteElo "2232"]
[BlackElo "2351"]
[PlyCount "72"]
[EventDate "2017.??.??"]

1. e4 e5 2. Nf3 Nc6 3. Bb5 Nf6 4. d3 d6 5. c3 a6 6. Bxc6+ bxc6 7. O-O g6 8. d4
exd4 9. e5 dxe5 10. Nxe5 Qd6 11. Re1 Be6 12. Qf3 Bg7 13. Nxc6 O-O 14. Bf4 Qd7
15. Ne5 Qb5 16. cxd4 Qxb2 17. Qc3 Qb7 18. Qc6 Qa7 19. Nf3 Nd5 20. Be5 Bxe5 21.
Rxe5 Rad8 22. Nbd2 Qb6 23. Qc1 Nb4 24. Rb1 Bxa2 25. Rb2 a5 26. Ne4 f6 27. Rc5
Bd5 28. Ned2 c6 29. Nc4 Qc7 30. Qc3 Bxf3 31. gxf3 Qf4 32. Nxa5 Rxd4 33. Nxc6
Nxc6 34. Rxc6 Rd1+ 35. Kg2 Qg5+ 36. Kh3 Rg1 0-1

[Event "Brønshøj Lang Weekend 2017"]
[Site "?"]
[Date "2017.02.12"]
[Round "5"]
[White "Rostgaard, Tobias Valentin"]
[Black "Christensen, Lasse"]
[Result "1/2-1/2"]
[WhiteElo "2353"]
[BlackElo "2163"]
[PlyCount "140"]
[EventDate "2017.??.??"]

1. e4 c6 2. d4 d5 3. exd5 cxd5 4. Bd3 g6 5. Nf3 Bg7 6. O-O Nf6 7. Nbd2 O-O 8.
Re1 Nc6 9. c3 Nd7 10. Nf1 e5 11. dxe5 Ndxe5 12. Nxe5 Nxe5 13. Be3 Nc4 14. Bxc4
dxc4 15. Bc5 Re8 16. Rxe8+ Qxe8 17. Bd4 Be6 18. Bxg7 Kxg7 19. Qd4+ Kg8 20. Rd1
Qb5 21. Ng3 Bf5 22. Nxf5 Qxf5 23. Qxc4 Qc2 24. Qb3 Qxb3 25. axb3 Re8 26. Kf1
Re6 27. Rd7 Rb6 28. b4 h5 29. Ke2 Kg7 30. Kd3 Kf6 31. Kc4 Ke6 32. Rc7 a6 33. h4
f6 34. Kc5 Rb5+ 35. Kd4 Rd5+ 36. Kc4 Rb5 37. Kb3 Kf5 38. Rg7 g5 39. hxg5 fxg5
40. c4 Rb6 41. Rh7 h4 42. c5 Rb5 43. Kc4 Kg4 44. Rf7 Kh5 45. f3 Kg6 46. Re7 Kf5
47. Re4 Kf6 48. Rg4 Kf5 49. b3 Kf6 50. g3 hxg3 51. Rxg3 Kf5 52. Rg4 Kf6 53. f4
gxf4 54. Rxf4+ Ke6 55. Rd4 Ke7 56. Rd1 Ke6 57. Ra1 Kd7 58. Ra5 Rxa5 59. bxa5
Kc6 60. b4 Kc7 61. Kd5 Kd7 62. Ke5 Kc6 63. Kd4 Kb5 64. Kc3 Kc6 65. Kc4 Kc7 66.
b5 axb5+ 67. Kxb5 Kc8 68. Kb6 Kb8 69. a6 bxa6 70. Kxa6 Kc7 1/2-1/2

[Event "Brønshøj Lang Weekend 2017"]
[Site "?"]
[Date "2017.02.12"]
[Round "5"]
[White "Jacobsen, Mikkel Manosri"]
[Black "Brinck-Claussen, Bjørn"]
[Result "0-1"]
[WhiteElo "2300"]
[BlackElo "2226"]
[PlyCount "80"]
[EventDate "2017.??.??"]

1. d4 Nf6 2. Nf3 e6 3. Bf4 d5 4. e3 Bd6 5. Bg3 O-O 6. Nbd2 b6 7. Bd3 Bb7 8. Ne5
c5 9. c3 Bxe5 10. dxe5 Ne4 11. Qg4 Qg5 12. Qh3 Qf5 13. Qxf5 exf5 14. Nxe4 fxe4
15. Be2 Nd7 16. O-O-O a6 17. Bg4 f5 18. exf6 Nxf6 19. Be6+ Kh8 20. c4 dxc4 21.
Rd6 b5 22. Rhd1 Bc8 23. Bxc8 Rfxc8 24. Bh4 Ng4 25. R6d5 Rf8 26. R1d2 Nxh2 27.
Be7 Rfe8 28. Re5 Ng4 29. Re6 Kg8 30. Rd7 Nxf2 31. Kc2 Ng4 32. Kd2 Nf6 33. Rb7
Rad8+ 34. Bxd8 Rxe6 35. Ke2 Nd5 36. Ba5 Rg6 37. Kf2 b4 38. Rd7 Rg5 39. Rd8+ Kf7
40. Rc8 Rf5+ 0-1

[Event "Brønshøj Lang Weekend 2017"]
[Site "?"]
[Date "2017.02.12"]
[Round "5"]
[White "Nielsen, Thomas Bach"]
[Black "Moe, Mogens"]
[Result "0-1"]
[WhiteElo "2163"]
[BlackElo "2162"]
[PlyCount "76"]
[EventDate "2017.??.??"]

1. f4 c5 2. Nf3 Nc6 3. g3 Nf6 4. Bg2 d6 5. d3 g6 6. e4 Bg7 7. O-O O-O 8. Nc3
Rb8 9. a4 a6 10. h3 b5 11. axb5 axb5 12. g4 b4 13. Ne2 Ne8 14. Qe1 Nc7 15. f5
Nb5 16. Qh4 Nbd4 17. Nexd4 Nxd4 18. Nxd4 Bxd4+ 19. Kh1 Re8 20. g5 Bb7 21. Ra7
e5 22. f6 Kh8 23. Qe1 c4 24. Ra4 cxd3 25. Rxb4 dxc2 26. Rxd4 exd4 27. Qh4 h5
28. gxh6 Kh7 29. Qf4 Re5 30. Qd2 Bxe4 31. Qxd4 Bxg2+ 32. Kxg2 Re2+ 33. Kf3 Qe8
34. Rf2 Rb3+ 35. Kg2 Qc6+ 36. Kf1 Rxf2+ 37. Kxf2 Qf3+ 38. Ke1 Rd3 0-1

[Event "Brønshøj Lang Weekend 2017"]
[Site "?"]
[Date "2017.02.12"]
[Round "5"]
[White "Kragh, Niels Kristian Ø"]
[Black "Sørensen, Per Settergren"]
[Result "1-0"]
[WhiteElo "2117"]
[BlackElo "1979"]
[PlyCount "59"]
[EventDate "2017.??.??"]

1. e4 e5 2. Nf3 Nc6 3. d4 exd4 4. Nxd4 Nf6 5. Nxc6 bxc6 6. e5 Qe7 7. Qe2 Nd5 8.
c4 Nb6 9. Nc3 Qe6 10. Qe4 g6 11. f4 Bg7 12. Bd3 O-O 13. O-O Ba6 14. c5 Bxd3 15.
Qxd3 Nd5 16. Bd2 Nxc3 17. Bxc3 Rfd8 18. f5 gxf5 19. Rxf5 h6 20. Raf1 Rf8 21.
Qg3 Qg6 22. Qf4 Rae8 23. Rf3 Re6 24. h3 Re7 25. Rg3 Qe6 26. Rf6 Qxa2 27. Rxg7+
Kxg7 28. Qxh6+ Kg8 29. Qg5+ Kh7 30. Rh6# 1-0

[Event "Brønshøj Lang Weekend 2017"]
[Site "?"]
[Date "2017.02.12"]
[Round "5"]
[White "Andersen, Søren Mikkel"]
[Black "Frank-Nielsen, Marie"]
[Result "0-1"]
[WhiteElo "2088"]
[BlackElo "1958"]
[PlyCount "80"]
[EventDate "2017.??.??"]

1. d4 Nf6 2. c4 g6 3. Nc3 Bg7 4. e4 d6 5. Nf3 O-O 6. Be2 Nbd7 7. O-O e5 8. Be3
h6 9. dxe5 dxe5 10. Nd2 Qe7 11. Nd5 Nxd5 12. cxd5 c6 13. dxc6 bxc6 14. Qc2 Bb7
15. Nb3 Rfc8 16. Rfd1 c5 17. Bg4 Rc7 18. Bxd7 Rxd7 19. Rxd7 Qxd7 20. Nxc5 Qc7
21. Rd1 Rc8 22. Qd2 Bc6 23. f3 h5 24. Na6 Qb7 25. Nb4 Bf8 26. Nxc6 Rxc6 27. Qd5
Qc7 28. Qd8 Qb7 29. Qd5 Qc7 30. Qd8 Qb7 31. b3 Qb4 32. Bh6 Qc5+ 33. Kh1 Rc8 34.
Qg5 Bxh6 35. Qxh6 Qc2 36. Re1 Qf2 37. Rc1 Rc2 38. Rg1 Rxa2 39. Qg5 Qd4 40. Qf6
Ra1 0-1

[Event "Brønshøj Lang Weekend 2017"]
[Site "?"]
[Date "2017.02.12"]
[Round "5"]
[White "Thorsbro, Peter"]
[Black "Nielsen, Thomas"]
[Result "1-0"]
[WhiteElo "2207"]
[BlackElo "1922"]
[PlyCount "81"]
[EventDate "2017.??.??"]

1. d4 d5 2. c4 e6 3. Nc3 c5 4. cxd5 exd5 5. dxc5 d4 6. Na4 Nc6 7. Bd2 Nf6 8.
Nf3 Ne4 9. b4 b5 10. Nb2 a5 11. e3 dxe3 12. fxe3 Ba6 13. a3 Qf6 14. Rb1 Rd8 15.
Bd3 Nc3 16. Qc2 Nxb1 17. Qxb1 axb4 18. axb4 Ne5 19. Nxe5 Qxe5 20. O-O Be7 21.
Nd1 Qd5 22. Nf2 h6 23. Bc3 O-O 24. Qa1 Qg5 25. Qxa6 Rxd3 26. Nxd3 Qxe3+ 27. Nf2
Qxc3 28. Qxb5 Bf6 29. Kh1 Be5 30. Ng4 Rb8 31. Qd7 Qc4 32. Qf5 Bd4 33. h3 h5 34.
Nh2 g6 35. Qd7 Rxb4 36. c6 Be5 37. Qe8+ Kh7 38. Qxe5 Rb6 39. Rxf7+ Kh6 40. Qh8+
Kg5 41. Nf3# 1-0

[Event "Brønshøj Lang Weekend 2017"]
[Site "?"]
[Date "2017.02.12"]
[Round "5"]
[White "Marthedal, Anton Mehmet Yildiz"]
[Black "Petersen, Steen Brustrup"]
[Result "0-1"]
[WhiteElo "1910"]
[BlackElo "2138"]
[PlyCount "75"]
[EventDate "2017.??.??"]

1. d4 g6 2. Nf3 Bg7 3. Bg5 c5 4. e3 Qb6 5. b3 Nc6 6. c3 d6 7. Nbd2 h6 8. Bh4
Nf6 9. Bc4 Bf5 10. O-O cxd4 11. exd4 g5 12. Bg3 d5 13. Be2 O-O 14. h3 Rfd8 15.
Ne5 Ne4 16. Nxe4 Bxe4 17. Nxc6 Qxc6 18. Rc1 Qg6 19. Re1 Qb6 20. Bg4 f5 21. f3
fxg4 22. fxe4 gxh3 23. exd5 Rxd5 24. Rxe7 Rf8 25. Qd3 hxg2 26. Qc4 Qc6 27. Qxc6
bxc6 28. Rxa7 Rdf5 29. Kxg2 h5 30. a4 h4 31. Be1 Rf1 32. a5 Bh6 33. a6 g4 34.
Bxh4 Rxc1 35. Rb7 Bf4 36. a7 Rc2+ 37. Kg1 Be3+ 38. Bf2 0-1

[Event "Brønshøj Lang Weekend 2017"]
[Site "?"]
[Date "2017.02.12"]
[Round "5"]
[White "Andersen, Rune"]
[Black "Tandrup, Michael"]
[Result "1-0"]
[WhiteElo "2119"]
[BlackElo "1930"]
[PlyCount "99"]
[EventDate "2017.??.??"]

1. d4 Nf6 2. c4 e6 3. Nc3 Bb4 4. e3 O-O 5. Bd3 d5 6. Nge2 b6 7. O-O Bb7 8. cxd5
Nxd5 9. e4 Nxc3 10. bxc3 Be7 11. f4 c5 12. Bb2 cxd4 13. cxd4 Ba6 14. Rc1 Bxd3
15. Qxd3 Nd7 16. f5 exf5 17. Rxf5 g6 18. Rf3 Rc8 19. Rcf1 Qc7 20. Nc3 Qc4 21.
Nd5 Bd6 22. Qxc4 Rxc4 23. e5 Rc2 24. Bc1 Bxe5 25. dxe5 Nxe5 26. Nf6+ Kg7 27.
Rh3 h5 28. Bg5 Re2 29. Rc3 Rxa2 30. Nxh5+ gxh5 31. Bf6+ Kh6 32. Bxe5 Rg8 33. g3
h4 34. Rxf7 Re8 35. Rc6+ Kg5 36. gxh4+ Kxh4 37. Bg3+ Kg5 38. Bf2 Re4 39. h4+
Kh5 40. Rf5+ Kg4 41. Rg5+ Kf3 42. Rf6+ Ke2 43. h5 b5 44. Rxb5 Rg4+ 45. Kh2 Rg8
46. Re5+ Kd3 47. Kh3 Ra4 48. Rd6+ Kc2 49. Rc5+ Kb3 50. Rd3+ 1-0

[Event "Brønshøj Lang Weekend 2017"]
[Site "?"]
[Date "2017.02.12"]
[Round "5"]
[White "Andersen, Daniel"]
[Black "Christensen, Esben"]
[Result "0-1"]
[WhiteElo "1858"]
[BlackElo "2055"]
[PlyCount "82"]
[EventDate "2017.??.??"]

1. c4 Nf6 2. Nc3 g6 3. e4 d6 4. d4 Bg7 5. f3 O-O 6. Be3 c5 7. Nge2 cxd4 8. Nxd4
Nc6 9. Be2 Nxd4 10. Bxd4 Be6 11. O-O Qd7 12. Nd5 Bxd5 13. cxd5 Rfc8 14. Qd2 Qa4
15. Bc3 Nd7 16. Rfc1 Bxc3 17. Rxc3 Rxc3 18. Qxc3 Nb6 19. Qc7 Qd4+ 20. Kf1 Qxb2
21. Re1 Kf8 22. Qxb7 Rc8 23. Qxa7 Rc2 24. Qb8+ Kg7 25. a4 Nxa4 26. Qxb2+ Rxb2
27. Rc1 Nc5 28. Rd1 Kf6 29. Kf2 Ke5 30. Ke3 g5 31. g3 Rb3+ 32. Bd3 f5 33. exf5
Rxd3+ 34. Rxd3 Nxd3 35. Kxd3 Kxd5 36. g4 Ke5 37. Ke3 d5 38. Kd3 d4 39. h3 Kd5
40. f4 gxf4 41. g5 Ke5 0-1

[Event "Brønshøj Lang Weekend 2017"]
[Site "?"]
[Date "2017.02.12"]
[Round "5"]
[White "Olsen, Michael Richard W"]
[Black "Stage-Steffensen, Sander"]
[Result "1/2-1/2"]
[WhiteElo "1986"]
[BlackElo "1916"]
[PlyCount "56"]
[EventDate "2017.??.??"]

1. c4 Nf6 2. Nc3 e6 3. a3 c5 4. Nf3 Nc6 5. g3 d5 6. cxd5 exd5 7. d4 cxd4 8.
Nxd4 Bc5 9. Nxc6 bxc6 10. b4 Bd6 11. Bg2 Be6 12. O-O Qd7 13. Re1 O-O 14. Bb2
Bh3 15. Bh1 Rfe8 16. Rc1 Bf5 17. b5 cxb5 18. Nxd5 Nxd5 19. Qxd5 Rac8 20. Rxc8
Rxc8 21. Rd1 Rd8 22. Qc6 Qxc6 23. Bxc6 Bc2 24. Rd2 Ba4 25. e4 Be7 26. Bd5 Bb3
27. Kg2 Bxd5 28. exd5 f6 1/2-1/2

[Event "Brønshøj Lang Weekend 2017"]
[Site "?"]
[Date "2017.02.12"]
[Round "5"]
[White "Thomsen, Kim R"]
[Black "Koch-Müller, Oscar"]
[Result "1-0"]
[WhiteElo "1957"]
[BlackElo "1644"]
[PlyCount "37"]
[EventDate "2017.??.??"]

1. d4 d5 2. c4 Nf6 3. cxd5 Nxd5 4. e4 Nf6 5. Nc3 e6 6. Nf3 Bb4 7. Qc2 b6 8.
Qa4+ Qd7 9. Qxb4 Nc6 10. Qa4 Bb7 11. Bg5 h6 12. Bh4 g5 13. Bg3 Rd8 14. O-O-O
Ne7 15. Qxd7+ Rxd7 16. Be5 Neg8 17. d5 exd5 18. exd5 Rh7 19. Bb5 1-0

[Event "Brønshøj Lang Weekend 2017"]
[Site "?"]
[Date "2017.02.12"]
[Round "5"]
[White "Olsen, Bjørn"]
[Black "Kokholm, Daniel"]
[Result "0-1"]
[WhiteElo "1696"]
[BlackElo "1858"]
[PlyCount "80"]
[EventDate "2017.??.??"]

1. d4 d6 2. c4 Nd7 3. e4 e5 4. Be3 c6 5. Nc3 Be7 6. Nf3 Ngf6 7. h3 Qc7 8. Be2
a6 9. d5 O-O 10. O-O Ne8 11. Rc1 c5 12. g4 Qd8 13. Qd2 g6 14. Kh1 Ng7 15. Rg1
Kh8 16. Bh6 Nf6 17. Ng5 Ng8 18. Bxg7+ Kxg7 19. Nf3 Kh8 20. Bf1 Bd7 21. Bg2 b5
22. Ne2 f5 23. gxf5 gxf5 24. Ng3 f4 25. Nf1 Qe8 26. Qd1 Qh5 27. N3h2 Qh4 28.
Qf3 Nf6 29. Rc3 Rg8 30. Nd2 b4 31. Rd3 Rg7 32. Bf1 Rag8 33. Rxg7 Rxg7 34. Bg2
Qg5 35. Kg1 Be8 36. h4 Qxh4 37. Qh3 Qg5 38. Ndf3 Qg6 39. Nh4 Qxe4 40. Kf1 Qxc4
0-1

[Event "Brønshøj Lang Weekend 2017"]
[Site "?"]
[Date "2017.02.12"]
[Round "5"]
[White "Møller, Arne Vagn"]
[Black "Marshall, Michael O"]
[Result "1/2-1/2"]
[WhiteElo "1852"]
[BlackElo "1832"]
[PlyCount "63"]
[EventDate "2017.??.??"]

1. e4 c5 2. b3 Nc6 3. Bb2 e5 4. Nf3 d6 5. Be2 g6 6. O-O Bg7 7. d3 Nge7 8. c3
O-O 9. Na3 d5 10. Nc2 d4 11. cxd4 cxd4 12. b4 h6 13. b5 Nb8 14. a4 Be6 15. Ba3
Re8 16. Nd2 a6 17. Nc4 Bxc4 18. dxc4 axb5 19. axb5 Nd7 20. Bd3 Rc8 21. Bb4 Nc5
22. Bxc5 Rxc5 23. Nb4 Rc8 24. Qb3 Qb6 25. f4 exf4 26. Rxf4 Be5 27. Rf3 Rf8 28.
Raf1 Qe6 29. Nd5 Nxd5 30. exd5 Qd6 31. g3 Kg7 32. Qc2 1/2-1/2

[Event "Brønshøj Lang Weekend 2017"]
[Site "?"]
[Date "2017.02.12"]
[Round "5"]
[White "Jørgensen, Orla Eilegaard"]
[Black "Ozcan, Güney"]
[Result "1-0"]
[WhiteElo "1678"]
[BlackElo "1857"]
[PlyCount "42"]
[EventDate "2017.??.??"]

1. e4 e5 2. Nc3 Nf6 3. f4 exf4 4. Nf3 d5 5. exd5 Nxd5 6. Nxd5 Qxd5 7. c4 Qd8 8.
d4 Bb4+ 9. Bd2 Bxd2+ 10. Qxd2 O-O 11. Qxf4 Re8+ 12. Kf2 Nd7 13. Bd3 Nf6 14. h3
b6 15. Rhe1 Rxe1 16. Rxe1 Bb7 17. d5 c6 18. d6 Ne8 19. Ng5 Nxd6 20. Bxh7+ Kh8
21. Rd1 Qxg5 1-0

[Event "Brønshøj Lang Weekend 2017"]
[Site "?"]
[Date "2017.02.12"]
[Round "5"]
[White "Mouritsen, Jan"]
[Black "Kristensen, Lars Østergård"]
[Result "1/2-1/2"]
[WhiteElo "1917"]
[BlackElo "1709"]
[PlyCount "56"]
[EventDate "2017.??.??"]

1. e4 c6 2. c4 d6 3. d4 Nd7 4. f4 e5 5. Nf3 Ngf6 6. Nc3 exd4 7. Nxd4 Nc5 8. Qc2
Be7 9. Be2 O-O 10. O-O Re8 11. b4 Ncxe4 12. Nxe4 Nxe4 13. Bb2 Bf6 14. Bf3 d5
15. c5 Qc7 16. Rae1 Bd7 17. Bxe4 dxe4 18. Rxe4 Rad8 19. Rfe1 Qc8 20. Rxe8+ Rxe8
21. Rd1 Bg4 22. Rd2 Re1+ 23. Kf2 Qe8 24. Ne2 Rxe2+ 25. Rxe2 Qxe2+ 26. Qxe2 Bxe2
27. Bxf6 Bc4 28. Bc3 Bxa2 1/2-1/2

[Event "Brønshøj Lang Weekend 2017"]
[Site "?"]
[Date "2017.02.12"]
[Round "5"]
[White "Nielsen, Henrik Wendelbo"]
[Black "Vinter, Christoffer"]
[Result "1-0"]
[WhiteElo "1830"]
[BlackElo "1589"]
[PlyCount "105"]
[EventDate "2017.??.??"]

1. d4 g6 2. c4 Nf6 3. Nc3 Bg7 4. e4 d6 5. Nf3 O-O 6. Be2 Nc6 7. d5 Ne5 8. Nxe5
dxe5 9. O-O e6 10. Be3 exd5 11. cxd5 a6 12. Rc1 b5 13. a3 Bb7 14. Qc2 c6 15.
dxc6 Bxc6 16. Rfd1 Qe8 17. Bc5 Rc8 18. Bf3 Bh6 19. Bxf8 Bxc1 20. Qxc1 Qxf8 21.
Qg5 Kg7 22. h4 Qe7 23. h5 h6 24. Qg3 g5 25. Nd5 Bxd5 26. exd5 Rd8 27. Qh3 Qd7
28. Qxd7 Rxd7 29. d6 Ne8 30. Bb7 Rxd6 31. Rxd6 Nxd6 32. Bxa6 Kf6 33. b3 Ke6 34.
a4 bxa4 35. bxa4 Kd5 36. Kf1 Kc6 37. Ke2 Kc5 38. Bd3 Ne8 39. a5 Nc7 40. g4 Kd4
41. f3 f6 42. a6 e4 43. fxe4 Nxa6 44. Bxa6 Kxe4 45. Bc8 Ke5 46. Ke3 f5 47. Bxf5
Kf6 48. Kd4 Kg7 49. Ke5 Kf7 50. Be6+ Kg7 51. Kf5 Kh8 52. Kf6 Kh7 53. Bf5+ 1-0

[Event "Brønshøj Lang Weekend 2017"]
[Site "?"]
[Date "2017.02.12"]
[Round "5"]
[White "Liu, Casper Yukun"]
[Black "Larsen, Preben R"]
[Result "0-1"]
[WhiteElo "1765"]
[BlackElo "1823"]
[PlyCount "58"]
[EventDate "2017.??.??"]

1. e4 e5 2. Nf3 Nc6 3. Bc4 Bc5 4. O-O Nf6 5. d4 exd4 6. e5 d5 7. exf6 dxc4 8.
Re1+ Be6 9. Ng5 Qd5 10. Qh5 O-O-O 11. fxg7 Rhe8 12. Qh4 Bf5 13. Nf3 Rxe1+ 14.
Nxe1 Qe5 15. Nf3 Qxg7 16. Nbd2 Nb4 17. Ne4 Nxc2 18. Bh6 Qg6 19. Nxc5 Nxa1 20.
Ne5 Re8 21. Qf4 f6 22. Nf3 Bh3 23. g3 Qb1+ 24. Qc1 Qxc1+ 25. Bxc1 Bg4 26. Kg2
Bxf3+ 27. Kxf3 f5 28. h4 Re5 29. b4 b6 0-1

[Event "Brønshøj Lang Weekend 2017"]
[Site "?"]
[Date "2017.02.13"]
[Round "6"]
[White "Reimanis, Ritvars"]
[Black "Haubro, Martin"]
[Result "1/2-1/2"]
[WhiteElo "2261"]
[BlackElo "2351"]
[PlyCount "67"]
[EventDate "2017.??.??"]

1. d4 Nf6 2. c4 e6 3. Nc3 Bb4 4. e3 O-O 5. Nge2 Re8 6. a3 Bf8 7. g3 d5 8. cxd5
exd5 9. Bg2 a5 10. O-O Na6 11. Nf4 c6 12. b3 Nc7 13. Re1 Ne6 14. Nxe6 Bxe6 15.
Bb2 g6 16. Na4 Bg7 17. Nc5 Bc8 18. Rc1 Nd7 19. b4 Nb6 20. Bf1 Nd7 21. b5 Nxc5
22. Rxc5 Bd7 23. bxc6 bxc6 24. Rc1 Bf8 25. Bd3 a4 26. Bc3 Bd6 27. Rb1 Bxa3 28.
Ra1 Bf8 29. Rxa4 Qc7 30. Rxa8 Rxa8 31. Qc2 Bg4 32. Kg2 Qd6 33. f3 Bd7 34. Ra1
1/2-1/2

[Event "Brønshøj Lang Weekend 2017"]
[Site "?"]
[Date "2017.02.13"]
[Round "6"]
[White "Brinck-Claussen, Bjørn"]
[Black "Akdag, Dara Sevkan"]
[Result "0-1"]
[WhiteElo "2226"]
[BlackElo "2188"]
[PlyCount "64"]
[EventDate "2017.??.??"]

1. d4 Nf6 2. c4 c5 3. d5 e6 4. Nc3 exd5 5. cxd5 g6 6. e4 d6 7. f4 Bg7 8. Bb5+
Nfd7 9. Bd3 Qh4+ 10. g3 Qd8 11. Nf3 O-O 12. O-O a6 13. a4 Qa5 14. Bd2 c4 15.
Bc2 Qb6+ 16. Kh1 Qxb2 17. Rb1 Qa3 18. e5 dxe5 19. fxe5 Nxe5 20. Nxe5 Bxe5 21.
Ne4 a5 22. Bh6 Re8 23. d6 Bf5 24. Qd5 Nd7 25. Ng5 Be6 26. Nxe6 fxe6 27. Qxb7
Qxd6 28. Rbd1 Bd4 29. Rxd4 Qxd4 30. Rd1 Nc5 31. Qf3 Qe5 32. Rf1 Qd5 0-1

[Event "Brønshøj Lang Weekend 2017"]
[Site "?"]
[Date "2017.02.13"]
[Round "6"]
[White "Hultin Rasmussen, Steen"]
[Black "Rostgaard, Tobias Valentin"]
[Result "0-1"]
[WhiteElo "1880"]
[BlackElo "2353"]
[PlyCount "66"]
[EventDate "2017.??.??"]

1. e4 c5 2. c3 g6 3. d4 cxd4 4. cxd4 d5 5. Nc3 dxe4 6. f3 exf3 7. Nxf3 Nf6 8.
Bc4 Bg7 9. O-O O-O 10. Be3 Nbd7 11. Qe1 Nb6 12. Bb3 Nbd5 13. Bg5 h6 14. Nxd5
Nxd5 15. Qh4 h5 16. Rae1 Be6 17. Ne5 Qb6 18. Qe4 Rad8 19. Kh1 Bf5 20. Rxf5 gxf5
21. Qxf5 e6 22. Qe4 f6 23. Bc2 f5 24. Qh4 Rde8 25. Bd1 Nf6 26. Bxf6 Bxf6 27.
Qg3+ Bg7 28. Bxh5 Qxd4 29. Bxe8 Rxe8 30. Qg6 Re7 31. Qg5 Rc7 32. h4 Rc5 33. Qg6
Qxh4+ 0-1

[Event "Brønshøj Lang Weekend 2017"]
[Site "?"]
[Date "2017.02.13"]
[Round "6"]
[White "Frank-Nielsen, Marie"]
[Black "Nielsen, Viktor Haarmark"]
[Result "0-1"]
[WhiteElo "1958"]
[BlackElo "2232"]
[PlyCount "104"]
[EventDate "2017.??.??"]

1. e4 c5 2. Nf3 Nc6 3. c4 e5 4. Nc3 d6 5. h3 g6 6. d3 Bg7 7. Nd5 h6 8. a3 a5 9.
Bd2 Nge7 10. b4 axb4 11. axb4 Rxa1 12. Qxa1 Nxd5 13. cxd5 Nxb4 14. Bxb4 cxb4
15. Qa4+ Bd7 16. Qxb4 Qc7 17. Be2 O-O 18. O-O Ra8 19. Bd1 b5 20. Nd2 h5 21. Kh2
Ra6 22. Qb2 Qc5 23. Nb3 Qc7 24. Qd2 Kh7 25. f3 Bh6 26. Qe1 Ra2 27. Rf2 Rxf2 28.
Qxf2 b4 29. g3 Bb5 30. Qc2 Qb6 31. Kg2 Kg7 32. h4 Be3 33. Kh3 Bg1 34. Qe2 Qa6
35. Bc2 Bd7+ 36. Kg2 Ba7 37. Qe1 Qa2 38. Qb1 Qa6 39. Qe1 Qb6 40. Bd1 Bb5 41.
Bc2 Kf8 42. Kh2 Ke8 43. Kg2 Ke7 44. Kh2 Qc7 45. Qd2 Qc3 46. Qe2 Ba4 47. Qd1 Qb2
48. Kh1 Be3 49. g4 Bf4 50. Kg1 Bg3 51. Na1 b3 52. Nxb3 Bxb3 0-1

[Event "Brønshøj Lang Weekend 2017"]
[Site "?"]
[Date "2017.02.13"]
[Round "6"]
[White "Christensen, Lasse"]
[Black "Kragh, Niels Kristian Ø"]
[Result "1/2-1/2"]
[WhiteElo "2163"]
[BlackElo "2117"]
[PlyCount "48"]
[EventDate "2017.??.??"]

1. g3 e5 2. Bg2 Nc6 3. d3 d5 4. Nf3 Nf6 5. O-O Be7 6. c3 O-O 7. Qc2 a5 8. e4
dxe4 9. dxe4 Bc5 10. a4 b6 11. h3 Ba6 12. Rd1 Qe7 13. Bf1 Bxf1 14. Kxf1 h6 15.
Re1 Qe6 16. Kg2 Nh5 17. Be3 Bxe3 18. Rxe3 Rad8 19. Na3 Ne7 20. Nh4 f5 21. exf5
Nxf5 22. Nxf5 Rxf5 23. Rd1 Rdf8 24. Rd2 Nf6 1/2-1/2

[Event "Brønshøj Lang Weekend 2017"]
[Site "?"]
[Date "2017.02.13"]
[Round "6"]
[White "Moe, Mogens"]
[Black "Jacobsen, Mikkel Manosri"]
[Result "1/2-1/2"]
[WhiteElo "2162"]
[BlackElo "2300"]
[PlyCount "67"]
[EventDate "2017.??.??"]

1. e4 c6 2. d4 d5 3. exd5 cxd5 4. c4 Nf6 5. Nc3 Nc6 6. Bg5 Be6 7. c5 g6 8. Bxf6
exf6 9. Bb5 Bg7 10. Nge2 O-O 11. O-O Qc7 12. a3 Rad8 13. b4 Ne7 14. Bd3 g5 15.
Nb5 Qb8 16. Qa4 a6 17. Nd6 f5 18. b5 axb5 19. Qxb5 Rxd6 20. cxd6 Nc6 21. Qc5
Rc8 22. d7 Bxd7 23. Qxd5 Be6 24. Qb5 Nxd4 25. Nxd4 Bxd4 26. Rab1 Qf4 27. Rb4
Rc1 28. Rxc1 Qxc1+ 29. Bf1 Bc5 30. Rb1 Qxa3 31. Qxb7 Bd4 32. Qb8+ Kg7 33. Qg3
Qe7 34. Rd1 1/2-1/2

[Event "Brønshøj Lang Weekend 2017"]
[Site "?"]
[Date "2017.02.13"]
[Round "6"]
[White "Andersen, Rune"]
[Black "Thorsbro, Peter"]
[Result "0-1"]
[WhiteElo "2119"]
[BlackElo "2207"]
[PlyCount "54"]
[EventDate "2017.??.??"]

1. d4 d5 2. c4 c6 3. Nc3 Nf6 4. Nf3 e6 5. Bg5 h6 6. Bh4 dxc4 7. e4 g5 8. Bg3 b5
9. Be2 Nbd7 10. d5 Bb7 11. dxc6 Bxc6 12. Nd4 Qb6 13. O-O Bc5 14. Nxc6 Qxc6 15.
a4 b4 16. Nb5 e5 17. Bxc4 a6 18. Qb3 O-O 19. h4 axb5 20. axb5 Qb7 21. Rac1 Qxe4
22. hxg5 hxg5 23. Rfd1 Bd4 24. Qxb4 Nb6 25. Qe7 Nbd7 26. Qb4 Kg7 27. Qd2 Qg4
0-1